000 01155cam a2200289 4500500
005 20251228073553.0
041 _afre
042 _adc
100 1 0 _aFleury, Emmanuel
_eauthor
245 0 0 _aDans le silence de l'illumination
260 _c2014.
500 _a36
520 _aMounir témoigne des perceptions de Dieu qui lui apparaissent dans une lumière silencieuse et muette. Ce phénomène efface ses souvenirs et l’entraîne dans des actions de rédemption.
520 _aIn the silence of illuminationMounir testifies to the divine perceptions which appear in a silent and mute light. The phenomenon erases all memories and leads him to acts of redemption.
690 _aappel
690 _acroyance
690 _aperception
690 _aprésentations cliniques
690 _arédemption
690 _abelief
690 _aclinical presentations
690 _aconvocation
690 _aperception
690 _aredemption
786 0 _nSavoirs et clinique | 17 | 1 | 2014-11-03 | p. 187-190 | 1634-3298
856 4 1 _uhttps://shs.cairn.info/revue-savoirs-et-cliniques-2014-1-page-187?lang=fr&redirect-ssocas=7080
999 _c1595445
_d1595445